| 000 | 01023cam a2200313 i 4500 | ||
|---|---|---|---|
| 999 |
_c200453565 _d71777 |
||
| 003 | TR-AnTOB | ||
| 005 | 20230712174246.0 | ||
| 007 | ta | ||
| 008 | 220115s2020 tu ao 001 0 tur d | ||
| 020 | _a9789751745859 | ||
| 040 |
_aPUL _beng _erda _cPUL _dOCLCO _dOCLCF _dDLC _dTR-AnTOB |
||
| 041 | 0 | _atur | |
| 050 | 0 | 4 |
_aNA6177 _b.Ö55 2020 |
| 090 |
_aNA6177 _b.Ö55 2020 |
||
| 100 | 1 |
_aÖnkal, Hakkı _eauthor _9122481 |
|
| 245 | 1 | 0 |
_aBeylikler devri bey türbeleri / _cHakkı Önkal. |
| 250 | _a1. baskı. | ||
| 264 | 1 |
_aBalgat, Ankara : _bAtatürk Kültür Merkezi Başkanlığı, _c2020. |
|
| 300 |
_ax, 418 pages : _billustrations, photographs ; _c32 cm |
||
| 336 |
_astill image _btxt _2rdacontent |
||
| 336 |
_atext _btxt _2rdacontent |
||
| 337 |
_aunmediated _bn _2rdamedia |
||
| 338 |
_avolume _bnc _2rdacarrier |
||
| 490 | 0 |
_aAtatürk Kültür Merkezi yayını ; _v533 _aAraştırma-inceleme ; _v174 |
|
| 504 | _aBIBINDX | ||
| 650 | 7 |
_aTürbeler _2etuturkob _9142458 |
|
| 942 |
_2lcc _cBK |
||